<?xml version="1.0" encoding="UTF-8"?>
<record
    xmlns:xsi="http://www.w3.org/2001/XMLSchema-instance"
    xsi:schemaLocation="http://www.loc.gov/MARC21/slim http://www.loc.gov/standards/marcxml/schema/MARC21slim.xsd"
    xmlns="http://www.loc.gov/MARC21/slim">

  <leader>01021nam a2200217 i 4500</leader>
  <controlfield tag="001">152968</controlfield>
  <controlfield tag="003">ES-MaACL</controlfield>
  <controlfield tag="005">20250719062537.0</controlfield>
  <controlfield tag="008">050708s1892    sp           |||| | spa d</controlfield>
  <datafield tag="110" ind1="2" ind2=" ">
    <subfield code="a">C&#xE1;rcel-Modelo (Madrid)</subfield>
    <subfield code="9">2440</subfield>
  </datafield>
  <datafield tag="245" ind1="1" ind2="0">
    <subfield code="a">Reglamento para la C&#xE1;rcel Modelo de Madrid.</subfield>
  </datafield>
  <datafield tag="260" ind1=" " ind2=" ">
    <subfield code="a">Madrid : </subfield>
    <subfield code="b">[s.n.], </subfield>
    <subfield code="c">1892 (</subfield>
    <subfield code="f">Tip. de Manuel Gin&#xE9;s Hern&#xE1;ndez)</subfield>
  </datafield>
  <datafield tag="300" ind1=" " ind2=" ">
    <subfield code="a">89 p. ; </subfield>
    <subfield code="c">23 cm.</subfield>
  </datafield>
  <datafield tag="610" ind1="0" ind2="4">
    <subfield code="a">C&#xE1;rcel-Modelo (Madrid)</subfield>
    <subfield code="9">2440</subfield>
  </datafield>
  <datafield tag="650" ind1=" " ind2="4">
    <subfield code="a">Establecimientos penitenciarios-</subfield>
    <subfield code="z">Madrid.</subfield>
    <subfield code="9">143330</subfield>
  </datafield>
  <datafield tag="852" ind1=" " ind2=" ">
    <subfield code="a">ES-MaACL</subfield>
    <subfield code="j">D-102(3) </subfield>
    <subfield code="c">SVI</subfield>
    <subfield code="h">Donaci&#xF3;n: Francisco Lastres y Juiz</subfield>
    <subfield code="x">Encuadernado con otras obras en un volumen facticio.</subfield>
    <subfield code="9">158526 </subfield>
    <subfield code="b">R.Foll.8/3</subfield>
    <subfield code="d">Olim: 193-C-15</subfield>
    <subfield code="f">Sello en tinta en p&#xE1;gina 1: "Donativo del Sr. Lastres al Ateneo de Madrid. 1907"</subfield>
    <subfield code="g">Anotaciones manuscritas en portada: "Folletos penitenciarios. Tomo 15"</subfield>
  </datafield>
  <datafield tag="903" ind1=" " ind2=" ">
    <subfield code="a">Lastres y Juiz, Francisco,</subfield>
    <subfield code="d">1848-1918</subfield>
    <subfield code="q">1</subfield>
    <subfield code="e">dnr</subfield>
    <subfield code="9">70504</subfield>
  </datafield>
  <datafield tag="942" ind1=" " ind2=" ">
    <subfield code="2">udc</subfield>
    <subfield code="c">FOLLETOS</subfield>
  </datafield>
  <datafield tag="999" ind1=" " ind2=" ">
    <subfield code="c">152968</subfield>
    <subfield code="d">152968</subfield>
  </datafield>
  <datafield tag="952" ind1=" " ind2=" ">
    <subfield code="0">0</subfield>
    <subfield code="1">0</subfield>
    <subfield code="2">udc</subfield>
    <subfield code="4">0</subfield>
    <subfield code="7">0</subfield>
    <subfield code="8">Colecci&#xF3;n_de_folletos</subfield>
    <subfield code="a">ATENEOM</subfield>
    <subfield code="b">ATENEOM</subfield>
    <subfield code="c">SVI</subfield>
    <subfield code="d">2008-01-17</subfield>
    <subfield code="e">DONACION</subfield>
    <subfield code="l">0</subfield>
    <subfield code="o">D-102(3)</subfield>
    <subfield code="p">901159799</subfield>
    <subfield code="r">2023-02-23 00:00:00</subfield>
    <subfield code="w">2023-02-23</subfield>
    <subfield code="y">FOLLETOS</subfield>
  </datafield>
</record>
